| 000 | 00740nam a2200205Ii 4500 | ||
|---|---|---|---|
| 003 | JO-AjNU | ||
| 008 | 230605s9999||||xx |||||||||||||| ||und|| | ||
| 020 | _a8-8801-19-977 | ||
| 040 |
_aJO-AjNU _bara _erda _cJO-AjNU |
||
| 041 | _aara | ||
| 050 | 1 | 4 | _aPJ6696 2000 |
| 100 | 3 |
_aالمرسي، كمال الدين عبد الغني, _eauthor _918070 |
|
| 245 | 0 | 0 | _aفواصل الآيات القرآنية |
| 264 | 3 | 1 | _aالإسكندرية: دار الوفاء لدنيا الطباعة والنشر، 2000 |
| 300 | _a184ص | ||
| 336 |
_atext _btxt _2rdacontent |
||
| 337 |
_aunmediated _bn _2rdamedia |
||
| 338 |
_avolume _bnc _2rdacarrier |
||
| 650 | 4 |
_aالقرآن الكريم - بلاغة - ألفاظ - إعراب - إعجاز _918071 |
|
| 999 |
_aA5710 _c9278 _d9278 |
||